Microwave Engineering (Record no. 163204)

MARC details
000 -LEADER
fixed length control field 00395nam a2200169Ia 4500
008 - FIXED-LENGTH DATA ELEMENTS--GENERAL INFORMATION
fixed length control field 240823s9999||||xx |||||||||||||| ||und||
082 ## - DEWEY DECIMAL CLASSIFICATION NUMBER
-- 621.3813 N0
100 ## - MAIN ENTRY--PERSONAL NAME
Personal name Sanjeeva Gupta
245 #0 - TITLE STATEMENT
Title Microwave Engineering
250 ## - EDITION STATEMENT
Edition statement 5th
260 ## - PUBLICATION, DISTRIBUTION, ETC. (IMPRINT)
Date of publication, distribution, etc 1990
Name of publisher, distributor, etc "Khanna,New Delhi"
500 ## - GENERAL NOTE
General note YES
650 ## - SUBJECT ADDED ENTRY--TOPICAL TERM
Topical term or geographic name as entry element Microwave
942 ## - ADDED ENTRY ELEMENTS (KOHA)
Item type Books
Holdings
Withdrawn status Lost status Damaged status Permanent location Current location Shelving location Date acquired Source of acquisition Cost, normal purchase price Full call number Barcode Date last seen Koha item type
      CENTRAL LIBRARY, NOORUL ISLAM CENTRE FOR HIGHER EDUCATION CENTRAL LIBRARY, NOORUL ISLAM CENTRE FOR HIGHER EDUCATION NI Tech. 05/09/2003 Students Book Centre 25.00 621.3813 N0 1815 08/23/2024 Books
Visitors:
Copyright © 2024 Central Library NICHE.  All rights reserved.